000 00439nam a2200193Ia 4500
005 20240823020445.0
008 240823s9999||||xx |||||||||||||| ||und||
020 _a81-204-1646-5
041 _aENGLISH
082 _A610.3 P5
100 _aShankar P S Ed.
245 0 _aNew Medical Dictionary
250 _a2nd
260 _c2005
_bOxfor
500 _aTRANSFERED
650 _aDictionary
_bGeneral
942 _cBK
999 _c174796
_d174796